Quality Management Introduction To Total Quality Management For Production, Proccessing And Services (Record no. 3961)

MARC details
000 -LEADER
fixed length control field 00433nam a22001457a 4500
008 - FIXED-LENGTH DATA ELEMENTS--GENERAL INFORMATION
fixed length control field 250625b |||||||| |||| 00| 0 eng d
020 ## - INTERNATIONAL STANDARD BOOK NUMBER
ISBN 0131971344
100 ## - MAIN ENTRY--AUTHOR
Author GOETSCH David L
245 ## - TITLE STATEMENT
Title Quality Management Introduction To Total Quality Management For Production, Proccessing And Services
250 ## - EDITION STATEMENT
Edition statement 5th Edition
260 ## - PUBLICATION, DISTRIBUTION, ETC. (IMPRINT)
Place of publication U. S. A
Name of publisher Pearson Prentice Hall
Date of publication 2006
300 ## - COLLATION
Pagination 814P
942 ## - ADDED ENTRY ELEMENTS (KOHA)
Item type Books
050 ## - LIBRARY OF CONGRESS CALL NUMBER
Classification number HD62.15
Item number G38
Holdings
Source of classification or shelving scheme Not for loan Permanent location Current location Date acquired Accession No. Full call number Barcode. Koha item type
Library of Congress Classification   Samuel Ogbemudia Main Library, University of Abuja Samuel Ogbemudia Main Library, University of Abuja 06/25/2025 2006-34161 HD62.15.G38 2025-2666 Books
Library of Congress Classification   Samuel Ogbemudia Main Library, University of Abuja Samuel Ogbemudia Main Library, University of Abuja 06/25/2025 2006-34161 HD62.15.G38 2025-2667 Books